Voyage dans l'Inde / (Record no. 156205)

MARC details
000 -LEADER
campo de control de longitud fija 00925nam a2200205 i 4500
001 - NÚMERO DE CONTROL
campo de control 156205
003 - IDENTIFICADOR DE NÚMERO DE CONTROL
campo de control ES-MaACL
005 - FECHA Y HORA DE LA ÚLTIMA TRANSACCIÓN
campo de control 20250724220444.0
008 - DATOS DE LONGITUD FIJA--INFORMACIÓN GENERAL
campo de control de longitud fija 040729s18411844fr abf |||| | fre d
040 ## - FUENTE DE CATALOGACIÓN
Centro catalogador/agencia de origen CAM
Lengua de catalogación spa
Centro/agencia transcriptor CAM
100 1# - ENTRADA PRINCIPAL--NOMBRE DE PERSONA
Nombre de persona Jacquemont, Victor.
9 (RLIN) 128248
245 10 - MENCIÓN DEL TÍTULO
Título Voyage dans l'Inde /
Mención de responsabilidad, etc. par Victor Jacquemont pendant les annes 1828 a 1832 ; publiés sous les auspices de M. Guizot.
260 ## - PUBLICACIÓN, DISTRIBUCIÓN, ETC.
Lugar de publicación, distribución, etc. Paris :
Nombre del editor, distribuidor, etc. [s.n.],
Fecha de publicación, distribución, etc. 1841-1844 (
Fabricante typograhie de Firmin Didot Frères)
300 ## - DESCRIPCIÓN FÍSICA
Extensión 6 v. ;
Dimensiones 36 cm.
597 ## - NOTA DE DESCRIPCIÓN FÍSICA
NOTA DE DESCRIPCIÓN FÍSICA T. I: Journal 1 (1841); T. II: Journal 2 (1841); T. III: Journal 3 (1841); T. IV: Description des collections (1844); T. V: Atlas 1. Planches du Journal (1844); T. VI: Atlas 2. Planches des description de collections (1844)
651 #4 - PUNTO DE ACCESO ADICIONAL DE MATERIA--NOMBRE GEOGRÁFICO
Nombre geográfico India-
Subdivisión general Descripción.
9 (RLIN) 8839
700 1# - ENTRADA AGREGADA--NOMBRE PERSONAL
Nombre de persona Guizot, François,
Fechas asociadas al nombre 1787-1874
9 (RLIN) 127641
852 ## - LOCALIZACIÓN
Ubicación ES-MaACL
Número de control de estantería G-2971-76
Nota libre - Enc. hol.
Holdings
Estatus retirado Estado de pérdida Estado de daño No para préstamo Colección Biblioteca de origen Biblioteca actual Ubicación en estantería Fecha de adquisición Fuente de adquisición Total de préstamos Signatura topográfica completa Código de barras Visto por última vez Precio de reemplazo Tipo de ítem Koha
        Libros del s. XIX Biblioteca del Ateneo de Madrid Biblioteca del Ateneo de Madrid Depósito 2 17/01/2008     G-2971-2976 1163419 23/02/2023 23/02/2023 Libro impreso antiguo